[Event "Schoelcher Martinique op"]
[Site "Schoelcher "]
[Date "2013.04.03"]
[Round "1"]
[White "Boyard, Marie"]
[Black "Sanikidze, Tornike"]
[Result "0-1"]
[WhiteElo "1983"]
[BlackElo "2559"]
[PlyCount "36"]
[EventDate "2013.04.03"]
[EventType "swiss"]
[EventRounds "9"]
[EventCountry "MFR"]
[SourceTitle "CBM 153 Extra"]
[Source "ChessBase"]
[SourceDate "2013.04.22"]
[SourceVersion "1"]
[SourceVersionDate "2013.04.22"]
[SourceQuality "1"]

1. e4 c5 2. Nf3 d6 3. d4 cxd4 4. Nxd4 Nf6 5. Nc3 Nc6 6. Be3 Ng4 7. Bg5 h6 8. Bh4 g5 9. Bg3 Bg7 10. Bb5 Qb6 11. Nd5 Qxd4 12. Nc7+ Kd8 13. Nxa8 Qb4+ 14. c3 Qxb5 15. Bxd6 Bd7 16. Nc7 Qxb2 17. 0-0 exd6 18. Qxd6 Be5 0-1

[Event "Balaguer op 17th"]
[Site "Balaguer"]
[Date "2012.06.17"]
[Round "2"]
[White "Fernandez Cardoso, Alexey"]
[Black "Boyard, Marie"]
[Result "1-0"]
[WhiteElo "2427"]
[BlackElo "2008"]
[PlyCount "57"]
[EventDate "2012.06.16"]
[EventType "swiss"]
[EventRounds "9"]
[EventCountry "ESP"]
[SourceTitle "EXT 2013"]
[Source "ChessBase"]
[SourceDate "2012.11.22"]
[SourceVersion "1"]
[SourceVersionDate "2012.11.22"]
[SourceQuality "1"]

1. e4 c5 2. Nf3 d6 3. d4 cxd4 4. Nxd4 Nf6 5. Nc3 Nc6 6. Bc4 e6 7. Be3 a6 8. Bb3 Qc7 9. Qe2 Na5 10. g4 Nxb3 11. axb3 Rb8 12. g5 Nd7 13. 0-0-0 b5 14. f4 Nc5 15. Rhe1 b4 16. Nd5 exd5 17. exd5 Nxb3+ 18. Nxb3 Be7 19. Bd4 Kf8 20. Rd3 Bf5 21. Re3 Re8 22. Bf6 gxf6 23. gxf6 Bxf6 24. Rxe8+ Kg7 25. Qg2+ Bg6 26. Rxh8 Bxb2+ 27. Kxb2 Qc3+ 28. Ka2 Qxe1 29. Ra8 1-0

[Event "Martinique-ch"]
[Site "Fort de France"]
[Date "2012.05.17"]
[Round "2.5"]
[White "Boyard, Marie"]
[Black "Milliet, Sophie"]
[Result "0-1"]
[WhiteElo "1996"]
[BlackElo "2387"]
[PlyCount "52"]
[EventDate "2012.05.??"]
[EventType "swiss"]
[EventRounds "9"]
[EventCountry "MFR"]
[SourceTitle "EXT 2014"]
[Source "ChessBase"]
[SourceDate "2013.11.20"]
[SourceVersion "1"]
[SourceVersionDate "2013.11.20"]
[SourceQuality "1"]

1. e4 c5 2. Nf3 e6 3. c3 d5 4. exd5 Qxd5 5. d4 Nf6 6. Be3 cxd4 7. cxd4 Bb4+ 8. Nc3 0-0 9. Bd3 b6 10. Qe2 Bb7 11. 0-0 Qh5 12. Ne5 Qxe2 13. Bxe2 Nbd7 14. Rfd1 Rfd8 15. Bg5 Rac8 16. Rac1 h6 17. Be3 Nxe5 18. dxe5 Bxc3 19. Rxd8+ Rxd8 20. Rxc3 Nd5 21. Rd3 Rc8 22. Bd1 Nxe3 23. Rxe3 Rc1 24. Rd3 Ba6 25. Rd8+ Kh7 26. Rd2 Be2 0-1

[Event "Stuttgart-chA int"]
[Site "Gerlingen"]
[Date "2011.06.03"]
[Round "4"]
[White "Andraschko, Felix"]
[Black "Boyard, Marie"]
[Result "1-0"]
[WhiteElo "2071"]
[BlackElo "1989"]
[PlyCount "89"]
[EventDate "2011.06.02"]
[EventType "swiss"]
[EventRounds "7"]
[EventCountry "GER"]
[SourceTitle "EXT 2018"]
[Source "ChessBase"]
[SourceDate "2017.10.13"]
[SourceVersion "1"]
[SourceVersionDate "2017.10.13"]
[SourceQuality "1"]

1. d4 Nf6 2. c4 e6 3. g3 Bb4+ 4. Bd2 Be7 5. Bg2 d5 6. Nf3 c6 7. 0-0 0-0 8. Qc2 Nbd7 9. Bf4 b6 10. Rd1 Bb7 11. Nc3 dxc4 12. Nd2 Nd5 13. Nxc4 Nxf4 14. gxf4 Qc8 15. a3 c5 16. d5 exd5 17. Nxd5 Bxd5 18. Bxd5 Rb8 19. Be4 Nf6 20. Bf5 Qc7 21. Ne5 Bd6 22. Nd7 Nxd7 23. Qd3 Nf6 24. Qxd6 Qxd6 25. Rxd6 Rfd8 26. Rad1 Rxd6 27. Rxd6 Kf8 28. Kg2 Ke7 29. Rc6 Nd5 30. Kf3 g6 31. Bd3 Rd8 32. Bc4 Rd6 33. Rxd6 Kxd6 34. e4 Nc7 35. Bxf7 Ke7 36. Bg8 Kf6 37. e5+ Kf5 38. Bc4 b5 39. Bf1 Ke6 40. Ke4 a5 41. Bh3+ Ke7 42. f5 gxf5+ 43. Bxf5 h6 44. f4 b4 45. a4 1-0

[Event "EU-ch 12th"]
[Site "Aix les Bains"]
[Date "2011.03.23"]
[Round "2"]
[White "Boyard, Marie"]
[Black "Maevsky, Nikolay"]
[Result "0-1"]
[WhiteElo "1976"]
[BlackElo "2342"]
[PlyCount "44"]
[EventDate "2011.03.22"]
[EventType "swiss"]
[EventRounds "11"]
[EventCountry "FRA"]
[SourceTitle "CBM 142 Extra"]
[Source "ChessBase"]
[SourceDate "2011.06.27"]
[SourceVersion "1"]
[SourceVersionDate "2011.06.27"]
[SourceQuality "1"]

1. e4 c5 2. Nf3 Nf6 3. Nc3 d6 4. d4 cxd4 5. Nxd4 a6 6. Be3 e5 7. Nb3 Be6 8. Qd2 Nbd7 9. f3 h5 10. 0-0-0 Rc8 11. Kb1 Be7 12. Qf2 Qc7 13. Be2 b5 14. Rc1 b4 15. Na4 Rb8 16. Nd2 d5 17. exd5 Nxd5 18. Nc4 Nc3+ 19. Nxc3 bxc3 20. Qf1 Rxb2+ 21. Nxb2 Bxa2+ 22. Kxa2 Qa5+ 0-1

[Event "EU-ch 12th"]
[Site "Aix les Bains"]
[Date "2011.03.22"]
[Round "1"]
[White "Romanishin, Oleg M"]
[Black "Boyard, Marie"]
[Result "1-0"]
[WhiteElo "2530"]
[BlackElo "1976"]
[PlyCount "73"]
[EventDate "2011.03.22"]
[EventType "swiss"]
[EventRounds "11"]
[EventCountry "FRA"]
[SourceTitle "CBM 142 Extra"]
[Source "ChessBase"]
[SourceDate "2011.06.27"]
[SourceVersion "1"]
[SourceVersionDate "2011.06.27"]
[SourceQuality "1"]

1. d4 Nf6 2. Nf3 e6 3. g3 d5 4. Bg2 Be7 5. c4 0-0 6. 0-0 dxc4 7. Qc2 Bd7 8. Qxc4 Bc6 9. Nc3 Bd5 10. Qd3 c5 11. Nxd5 Nxd5 12. dxc5 Na6 13. Bd2 Nxc5 14. Qc2 Rc8 15. Rac1 Qb6 16. Bg5 h6 17. Bxe7 Nxe7 18. Ne5 Rfd8 19. Nc4 Qa6 20. Rfd1 Rxd1+ 21. Qxd1 b6 22. Nd6 Rd8 23. b4 Nf5 24. bxc5 bxc5 25. Rxc5 Rxd6 26. Qc2 Qb6 27. e3 Rd8 28. Be4 Nd6 29. Bf3 Ne8 30. h4 g6 31. a4 Kg7 32. Qc3+ Nf6 33. Rb5 Qd6 34. g4 Qd2 35. Qxd2 Rxd2 36. Rb7 Rd7 37. g5 1-0